000 01155naa a2200301 c 4500
001 36392
003 ES-MaCES
005 20160125123742.0
008 060427n2005 sp t 000 | spa d
035 _aCES20060006589v
040 _aES-MaCES
_bspa
_cES-MaCES
100 1 _912021
_aFerradans Caramés, Carmen
245 1 0 _aMedidas laborales de la ley de protección contra la violencia de género y negociación colectiva
_cCarmen Ferradans Caramés
610 1 4 _aEspaña
_tLey orgánica de medidas de protección integral contra la violencia de género
_d2004
_93172
650 4 _aigualdad de trato
_930147
650 4 _atrabajadora
_928413
650 4 _anegociación colectiva
_928362
650 4 _adiscriminación por razones de sexo
_929521
650 4 _amalos tratos
_930808
650 4 _amujeres
_928657
650 4 _aviolencia
_929388
653 1 0 _aMujer
650 4 _928369
_arelaciones laborales
773 0 _tRevista de derecho social
_gn. 32 (oct. - dic. 2005){10693 R. 064022}; p. 103-120
_w(ES-MaCES)25695
_968719
902 _aART Artículo de revista
942 _2CES
_cAR
_h3.3.
999 _c36392
_d36392